Statistics for Countries Producing the Most Oranges

Click here to take the quiz!

General Stats

  • This quiz has been taken 12,942 times
    (12,066 since last reset)
  • The average score is 14 of 20

Answer Stats

Metric Tons Country % Correct
4,615.760United States
97%
17,459,908Brazil
94%
4,629,758Mexico
93%
8,564,425China
89%
3,357,163Spain
87%
7,647,000India
86%
1,500,579Italy
84%
1,025,000Argentina
81%
961,000Greece
72%
2,295,325Indonesia
71%
1,950,000Turkey
71%
3,013,758Egypt
70%
1,037,218Morocco
66%
1,453,251South Africa
62%
1,013,951Algeria
61%
1,561,134Iran
60%
1,585,050Pakistan
60%
768,319Vietnam
54%
795,455Syria
32%
702,861Ghana
13%

Score Distribution

Percentile by Number Answered

Percent of People with Each Score

Your Score History

You have not taken this quiz since the last reset